000 00612nam a2200229 a 4500
999 _c1730
_d1730
007 ta
008 200116t2006 xxk||||g|l||| 001 0 eng d
020 _a1843115352
040 _aKO
_beng
041 0 _aeng
044 _axxk
082 0 4 _223
_a346.4108622
_bT3621
245 0 0 _aMarine Insurance :
_bthe law in transition /
_cedited by D. Rhidian Thomas
260 _aLondon :
_bInforma Law ,
_c2006.
300 _axxx, 357 p. ;
_c25 cm
504 _aIncludes Index.
650 0 _aMarine insurance
_xLaw and legislation
700 _aThomas, D. Rhidian
_eedt
904 _aA_BOSE
942 _cBK